<?xml version="1.0" encoding="UTF-8"?>
<record
    xmlns:xsi="http://www.w3.org/2001/XMLSchema-instance"
    xsi:schemaLocation="http://www.loc.gov/MARC21/slim http://www.loc.gov/standards/marcxml/schema/MARC21slim.xsd"
    xmlns="http://www.loc.gov/MARC21/slim">

  <leader>01937nam a2200385 a 4500</leader>
  <controlfield tag="001">57955</controlfield>
  <controlfield tag="003">CO-BoRNBP</controlfield>
  <controlfield tag="005">20250813201750.0</controlfield>
  <controlfield tag="007">ta</controlfield>
  <controlfield tag="008">150921s2014    ck a   gr     00010 spa d</controlfield>
  <datafield tag="020" ind1=" " ind2=" ">
    <subfield code="a">9789588471716</subfield>
  </datafield>
  <datafield tag="040" ind1=" " ind2=" ">
    <subfield code="a">CO-BoBLA </subfield>
    <subfield code="b">spa </subfield>
    <subfield code="c">CO-BoBLA</subfield>
  </datafield>
  <datafield tag="043" ind1=" " ind2=" ">
    <subfield code="a">s-ck---</subfield>
  </datafield>
  <datafield tag="082" ind1="0" ind2="4">
    <subfield code="a">709.861 </subfield>
    <subfield code="b">B17r </subfield>
    <subfield code="2">21</subfield>
  </datafield>
  <datafield tag="100" ind1="1" ind2=" ">
    <subfield code="a">Bar&#xF3;n Pino, Mar&#xED;a Sol.</subfield>
    <subfield code="9">62126</subfield>
  </datafield>
  <datafield tag="245" ind1="1" ind2="0">
    <subfield code="a">Rojo y m&#xE1;s rojo : </subfield>
    <subfield code="b">Taller 4 Rojo ; producci&#xF3;n gr&#xE1;fica y acci&#xF3;n directa / </subfield>
    <subfield code="c">Mar&#xED;a Sol Bar&#xF3;n Pino y Camilo Ord&#xF3;&#xF1;ez Robayo ; curadur&#xED;a Equipo Transhistor(ia).</subfield>
  </datafield>
  <datafield tag="250" ind1=" " ind2=" ">
    <subfield code="a">1a. edici&#xF3;n</subfield>
  </datafield>
  <datafield tag="300" ind1=" " ind2=" ">
    <subfield code="a">373 p&#xE1;ginas : </subfield>
    <subfield code="b">ilustraciones ; </subfield>
    <subfield code="c">23 cm.</subfield>
  </datafield>
  <datafield tag="336" ind1=" " ind2=" ">
    <subfield code="2">rdacontent</subfield>
    <subfield code="a">texto</subfield>
    <subfield code="b">txt</subfield>
  </datafield>
  <datafield tag="337" ind1=" " ind2=" ">
    <subfield code="2">rdamedia</subfield>
    <subfield code="a">sin mediaci&#xF3;n</subfield>
    <subfield code="b">n</subfield>
  </datafield>
  <datafield tag="338" ind1=" " ind2=" ">
    <subfield code="2">rdacarrier</subfield>
    <subfield code="a">volumen</subfield>
    <subfield code="b">nc</subfield>
  </datafield>
  <datafield tag="490" ind1="1" ind2=" ">
    <subfield code="a">Investigaciones del arte colombiano - FUGA</subfield>
  </datafield>
  <datafield tag="500" ind1=" " ind2=" ">
    <subfield code="a">Incluye &#xED;ndice de contenido.</subfield>
  </datafield>
  <datafield tag="500" ind1=" " ind2=" ">
    <subfield code="a">Investigaci&#xF3;n curatorial desarrollada a trav&#xE9;s del IV Premio de Curadur&#xED;a Hist&#xF3;rica (2010), que re&#xFA;ne una amplia producci&#xF3;n y documentos del grupo Taller 4 Rojo, colectivo art&#xED;stico activo en Bogot&#xE1; entre 1972 y 1976, en el que participaron Diego Arango, Umberto Giangrandi, Carlos Granada, Jorge Mora, Fabio Rodr&#xED;guez Amaya y Nirma Z&#xE1;rate.</subfield>
  </datafield>
  <datafield tag="610" ind1="2" ind2="7">
    <subfield code="a">Fundaci&#xF3;n Gilberto Alzate Avenda&#xF1;o (Bogot&#xE1;)</subfield>
    <subfield code="v"> Exposiciones</subfield>
    <subfield code="v"> Cat&#xE1;logos.</subfield>
    <subfield code="9">62127</subfield>
  </datafield>
  <datafield tag="610" ind1="2" ind2="7">
    <subfield code="a">Taller 4 Rojo (Grupo de artistas)</subfield>
    <subfield code="x"> Cr&#xED;tica e interpretaci&#xF3;n.</subfield>
    <subfield code="9">62128</subfield>
  </datafield>
  <datafield tag="610" ind1="2" ind2="7">
    <subfield code="a">Taller 4 Rojo (Grupo de artistas)</subfield>
    <subfield code="x"> Historia.</subfield>
    <subfield code="9">62129</subfield>
  </datafield>
  <datafield tag="650" ind1=" " ind2="7">
    <subfield code="a">Arte colombiano</subfield>
    <subfield code="v"> Exposiciones</subfield>
    <subfield code="v"> Cat&#xE1;logos.</subfield>
    <subfield code="2">BLAAUTO</subfield>
    <subfield code="9">62130</subfield>
  </datafield>
  <datafield tag="650" ind1=" " ind2="7">
    <subfield code="a">Artes pl&#xE1;sticas</subfield>
    <subfield code="v"> Exposiciones</subfield>
    <subfield code="v"> Cat&#xE1;logos.</subfield>
    <subfield code="2">BLAAUTO</subfield>
    <subfield code="9">62131</subfield>
  </datafield>
  <datafield tag="650" ind1=" " ind2="7">
    <subfield code="a">Artistas pl&#xE1;sticos colombianos</subfield>
    <subfield code="v"> Exposiciones</subfield>
    <subfield code="v"> Cat&#xE1;logos.</subfield>
    <subfield code="2">BLAAUTO</subfield>
    <subfield code="9">62132</subfield>
  </datafield>
  <datafield tag="650" ind1=" " ind2="7">
    <subfield code="a">Grabados colombianos</subfield>
    <subfield code="v"> Exposiciones</subfield>
    <subfield code="v"> Cat&#xE1;logos.</subfield>
    <subfield code="2">BLAAUTO</subfield>
    <subfield code="9">62133</subfield>
  </datafield>
  <datafield tag="830" ind1=" " ind2="0">
    <subfield code="a">Programa de catalogaci&#xF3;n en la publicaci&#xF3;n</subfield>
  </datafield>
  <datafield tag="942" ind1=" " ind2=" ">
    <subfield code="2">ddc</subfield>
    <subfield code="c">BK</subfield>
  </datafield>
  <datafield tag="949" ind1=" " ind2=" ">
    <subfield code="a">n          </subfield>
    <subfield code="b">n</subfield>
  </datafield>
  <datafield tag="999" ind1=" " ind2=" ">
    <subfield code="c">57955</subfield>
    <subfield code="d">57955</subfield>
  </datafield>
  <datafield tag="952" ind1=" " ind2=" ">
    <subfield code="0">0</subfield>
    <subfield code="1">0</subfield>
    <subfield code="2">ddc</subfield>
    <subfield code="4">0</subfield>
    <subfield code="7">0</subfield>
    <subfield code="8">GEN</subfield>
    <subfield code="a">MEPLOPEZ</subfield>
    <subfield code="b">MEPLOPEZ</subfield>
    <subfield code="c">GEN</subfield>
    <subfield code="d">2025-08-13</subfield>
    <subfield code="l">0</subfield>
    <subfield code="o">709.861  B17r </subfield>
    <subfield code="p">PLZ02656</subfield>
    <subfield code="r">2025-08-13 20:18:40</subfield>
    <subfield code="t">Ej.1</subfield>
    <subfield code="w">2025-08-13</subfield>
    <subfield code="y">BK</subfield>
  </datafield>
</record>
